000 003340000a22001570004500
001 000214
003 MACL
040 _aMACL
090 _c214
_d214
100 _aFutehally, Laeeq
245 _aGardens
_cLaeeq Futehally
260 _aNational Book Trust,
_c1997
350 _a44
650 _aGarden Agriculture
942 _k635
_cBook
999 _c49521
_d49521